Metamorfózy fotografie vzdelávanie umením : zborník príspevkov medzinárodnej fotografickej konferencie v Leviciach : 27.5.2022 Hotel Golden Eagle, Levice
| Main Authors: | , , , , , , , |
|---|---|
| Corporate Author: | |
| Format: | Conference Proceeding Book |
| Language: | Slovak Czech English |
| PhysicalDescription: | 130 strán fotografie (čiastočne farebné) 21 cm |
| Published: |
V Leviciach
Regionálne osvetové stredisko v Leviciach
2022
|
| ISBN: | 9788089781355 |
| Subjects: |
MARC
| LEADER | 00000nam a2200000 4500 | ||
|---|---|---|---|
| 001 | vtls012227517 | ||
| 003 | SK-MaSNL | ||
| 005 | 20260301205445.0 | ||
| 008 | 230413s2022 xo o frn 100 0 slo | ||
| 015 | |a SNBA2023/05 | ||
| 020 | |a 9788089781355 |q (brožované) | ||
| 040 | |a SNK |b slo |c SNK |e rda | ||
| 041 | 0 | |a slo |a cze |a eng | |
| 044 | |a xo |c SK | ||
| 072 | 7 | |a 77 |x Fotografia. Fotografické postupy |2 konspekt | |
| 080 | |a 77 |2 2011 | ||
| 080 | |a (062.534) |2 2011 | ||
| 111 | 2 | |a Dni (nielen) fotografie |n (15. : |d 2022 : |c Levice, Slovensko) |4 aut |9 591593 | |
| 245 | 1 | 0 | |a Metamorfózy fotografie |b vzdelávanie umením : zborník príspevkov medzinárodnej fotografickej konferencie v Leviciach : 27.5.2022 Hotel Golden Eagle, Levice |c zostavila Marta Kosmályová |
| 264 | 1 | |a V Leviciach |b Regionálne osvetové stredisko v Leviciach |c 2022 | |
| 300 | |a 130 strán |b fotografie (čiastočne farebné) |c 21 cm | ||
| 336 | |a text |b txt |2 rdacontent | ||
| 336 | |a statický obraz |b sti |2 rdacontent | ||
| 337 | |a bez média |b n |2 rdamedia | ||
| 338 | |a zväzok |b nc |2 rdacarrier | ||
| 366 | |e 100 kusov | ||
| 500 | |a Obsahuje poznámky a zoznam obrázkov | ||
| 504 | |a Bibliografia za jednotlivými príspevkami | ||
| 546 | |a Čiastočný text v češtine. Súbežný text v angličtine | ||
| 650 | 0 | 7 | |a fotografovanie |2 SNKPH |9 3158 |
| 650 | 0 | 7 | |a fotografia |2 SNKPH |9 1694 |
| 650 | 0 | 7 | |a Photography |2 SNKPHeng |9 266313 |
| 655 | 7 | |a zborníky konferencií |2 SNKPH |9 70153 | |
| 655 | 7 | |a Proceedings of conferences |2 SNKPHeng |9 265791 | |
| 700 | 1 | |a Albertini, Béla |4 aut |9 376208 | |
| 700 | 1 | |a Szőke, Erika |4 aut |9 424155 | |
| 700 | 1 | |a Cepková, Petra, |d 1979- |4 aut |9 188143 | |
| 700 | 1 | |a Héjja, Gabriella |4 aut |9 591594 | |
| 700 | 1 | |a Štreit, Jindřich, |d 1946- |4 aut |9 120708 | |
| 700 | 1 | |a Olek, Jerzy, |d 1943- |4 aut |9 591595 | |
| 700 | 1 | |a Ryczek, Marcin |4 aut |9 591596 | |
| 700 | 1 | |a Prekop, Rudolf, |d 1959- |4 aut |9 91037 | |
| 752 | |a Slovensko |d Levice | ||
| 852 | |a Slovenská národná knižnica | ||
| 919 | |a 978-80-89781-35-5 | ||
| 954 | |a odborná, vedecká literatúra pôvodná (slovenská) |2 lita | ||
| 954 | |a odborná, vedecká literatúra cudzojazyčná (svetová) |2 lita | ||
| 958 | |a NB | ||
| 999 | |c 910139 |d 912069 | ||
| 952 | |a SNK |b SNK |y PREZ |7 0 |p 17A1527829 |o snkSC 201697 |i snk2023/6021 |8 0 |0 0 |1 0 |4 0 |d 2023-04-13 |l 0 |r 2025-10-24 00:00:00 |w 2026-02-24 | ||
| 952 | |a SNK |b SNK |y VYP |7 0 |p 17A1527828 |o snkSC 201697 D1 |i snk2023/6022 |8 0 |0 0 |1 0 |4 0 |d 2023-04-13 |l 0 |r 2026-02-24 07:41:05 |w 2026-02-24 | ||


